MARC details
| 000 -CABECERA |
| campo de control de longitud fija |
00885nam a2200217 a 4500 |
| 001 - NÚMERO DE CONTROL |
| campo de control |
000042041 |
| 003 - IDENTIFICADOR DEL NÚMERO DE CONTROL |
| campo de control |
DO-SdBNP |
| 005 - FECHA Y HORA DE LA ÚLTIMA TRANSACCIÓN |
| campo de control |
20240221092416.0 |
| 008 - DATOS DE LONGITUD FIJA--INFORMACIÓN GENERAL |
| campo de control de longitud fija |
130927s1986 sp 000 0 spa d |
| 020 ## - NÚMERO INTERNACIONAL ESTÁNDAR DEL LIBRO |
| Número Internacional Estándar del Libro |
8400062655 |
| 040 ## - FUENTE DE LA CATALOGACIÓN |
| Centro catalogador/agencia de origen |
DO-SdBNP |
| Lengua de catalogación |
spa |
| Centro/agencia transcriptor |
BNPHU |
| 110 2# - ENTRADA PRINCIPAL--NOMBRE DE ENTIDAD CORPORATIVA |
| Nombre de entidad corporativa o nombre de jurisdicción como elemento de entrada |
Iglesia Católica. |
| 9 (RLIN) |
69023 |
| Unidad subordinada |
Diocese de Puerto Rico |
| -- |
Sinodo (1645) |
| 245 10 - MENCIÓN DE TÍTULO |
| Título |
Sínodo de San Juan de Puerto Rico de 1645 / |
| Mención de responsabilidad, etc. |
Damián López de Haro. |
| 260 ## - PUBLICACIÓN, DISTRIBUCIÓN, ETC. |
| Lugar de publicación, distribución, etc. |
Madrid : |
| Nombre del editor, distribuidor, etc. |
Centro de Estudios Históricos del CSIC, |
| Lugar de publicación, distribución, etc. |
Salamanca : |
| Nombre del editor, distribuidor, etc. |
Instituto de Historia de la Teología Española de la UPS, |
| Fecha de publicación, distribución, etc. |
1986. |
| 300 ## - DESCRIPCIÓN FÍSICA |
| Extensión |
170 p. ; |
| Dimensiones |
24 cm. |
| 490 0# - MENCIÓN DE SERIE |
| Mención de serie |
Tierra nueva e cielo nuevo |
| Designación de volumen o secuencia |
4 |
| 504 ## - NOTA DE BIBLIOGRAFÍA, ETC. |
| Nota de bibliografía, etc. |
Incluye referencias bibliográficas y notas al pie de las páginas |
| 700 1# - PUNTO DE ACCESO ADICIONAL--NOMBRE DE PERSONA |
| Nombre de persona |
López de Haro, Damián |
| Término indicativo de función/relación |
ed. |
| 9 (RLIN) |
69024 |
| 710 2# - PUNTO DE ACCESO ADICIONAL--NOMBRE DE ENTIDAD CORPORATIVA |
| Nombre de entidad corporativa o nombre de jurisdicción como elemento de entrada |
Consejo Superior de Investigaciones Científicas, (España) |
| 9 (RLIN) |
63834 |
| 942 ## - ELEMENTOS DE PUNTO DE ACCESO ADICIONAL (KOHA) |
| Fuente del sistema de clasificación o colocación |
Dewey Decimal Classification |
| Tipo de ítem Koha |
Libro |